| 000 | 00936nam a2200253Ia 4500 | ||
|---|---|---|---|
| 001 | 131882 | ||
| 003 | 223551 | ||
| 005 | 20240712164113.0 | ||
| 008 | ||||||n9999 ||| || || | ||
| 082 | _a361 | ||
| 100 |
_aRodríguez de Santiago, José María _948418 |
||
| 245 | 0 |
_aEstado social y municipios _bservicios públicos locales y prestaciones asistenciales en España y República Dominicana _cJosé María Rodríguez de Santiago y Julia Ortega Bernardo, coords. |
|
| 504 | _aIncluye bibliografía | ||
| 562 | _e2 | ||
| 650 |
_aBIENESTAR SOCIAL--ESPAÑA _9159601 |
||
| 650 |
_aBIENESTAR SOCIAL--REPUBLICA DOMINICANA _9159602 |
||
| 650 |
_aSERVICIOS MUNICIPALES--ESPAÑA _9159603 |
||
| 650 |
_aSERVICIOS MUNICIPALES--REPUBLICA DOMINICANA _9159604 |
||
| 650 |
_aSERVICIOS PÚBLICOS--ESPAÑA _9159605 |
||
| 650 |
_aSERVICIOS PUBLICOS--REPUBLICA DOMINICANA _9159606 |
||
| 942 | _cBKM | ||
| 999 |
_c131882 _d131882 |
||
| 526 | _a51868 | ||
| 526 | _a1697 | ||